000 01484nam a22001577a 4500
041 _aukr
080 _a09
090 _bШАР
100 _aШарановська З.Р.
245 _aПрагматичні особливості висловлювання вихвалянь в англійській мові
260 _aОстрог
_bКАФ
_c2009
300 _a46
520 _aВСТУП РОЗДІЛ 1 ТЕОРЕТИЧНІ ОСНОВИ ПРАГМАТИЧНОЇ НАУКИ 1.1 Прагматика як лінгвістична наука та її основні поняття. 1.1.1 Мовленнєві акти, їх види та роль у висловлюванні. 1.1.2 Підходи до класифікації мовних актів. 1.2 Вираження вихвалянь у процесі комунікації та їх прагматичні особливості. РОЗДІЛ 2 ХАРАКТЕРИСТИКА ВИХВАЛЯНЬ НА ПРИКЛАДІ РОМАНУ ЛУЇЗИ АЛКОТ "КВІТУЧА ТРОЯНДА" 2.1 Особливості використання вигуків у романі "Квітуча троянда". 2.2 Особливості використання компліментів як одного із видів вихвалянь у романі Луїзи Алкот. ВИСНОВКИ
_0прагматична наука,вихвалання,Луїза Алкот
650 _aResearch Papers
999 _c284159
_d284159
942 _cBK